| 000 | 03522cam a2200601 i 4500 | ||
|---|---|---|---|
| 001 | 200468149 | ||
| 003 | TR-AnTOB | ||
| 005 | 20260416134138.0 | ||
| 007 | ta | ||
| 008 | 260416s1970 nyu b 001 0 eng | ||
| 010 | _a 74147317 | ||
| 020 |
_a0517509474 _q(hardback) |
||
| 035 | _a(CLU)1968826-ucladb-Voyager | ||
| 035 |
_a(OCoLC)00113163 _z(OCoLC)63543902 _z(OCoLC)541783860 _z(OCoLC)1054232192 |
||
| 035 | _a(OCoLC)ocm00113163 | ||
| 035 | _a(EXLNZ-01UCS_NETWORK)9912951748306531 | ||
| 035 | _a(TR-AnTOB)200468149 | ||
| 040 |
_aDLC _beng _erda _cDLC _dOCL _dBUF _dEL$ _dMUQ _dBTCTA _dSTF _dWPG _dDEBBG _dOCLCO _dAQ5 _dOCLCQ _dOCLCO _dOCLCF _dOCLCO _dOCL _dOCLCA _dOCL _dOCLCO _dOCLCA _dSFR _dOCLCQ _dCSJ _dOCLCO _dTYC _dOCLCA _dDHA _dOCLCQ _dOCLCO _dOCLCQ _dOCLCO _dOCLCA _dBGU _dOCLCQ _dOCLCO _dOCLCA _dDCHUA _dOCLCQ _dOCLCO _dOCLCA _dUCW _dOCLCO _dOCLCL _dOCLCQ _dOCLCL _dTR-AnTOB |
||
| 041 | 0 | _aeng | |
| 043 | _an-us--- | ||
| 050 | 0 | 4 |
_aPS351 _b.L4957 1970 |
| 090 |
_aPS351 _b.L4957 1970 |
||
| 100 | 1 |
_aLewis, Allan _eauthor _4aut _9153723 |
|
| 245 | 1 | 0 |
_aAmerican plays and playwrights of the contemporary theatre / _cby Allan Lewis. |
| 250 | _aRevised edition. | ||
| 264 | 1 |
_aNew York : _bCrown Publishers, _c[1970] |
|
| 300 |
_a272 pages _c22 cm |
||
| 336 |
_atext _btxt _2rdacontent |
||
| 337 |
_aunmediated _bn _2rdamedia |
||
| 338 |
_avolume _bnc _2rdacarrier |
||
| 504 | _aBIBINDX | ||
| 505 | 0 | 0 |
_gIntroduction: _t"The purpose of playing ..." -- _tEugene O'Neill: the tragic homecoming -- _tArthur Miller: return to the self -- _tTennessee Williams: the freedom of the senses -- _tThornton Wilder and William Saroyan: the comic vein and "courage for survival" -- _tThe fun and games of Edward Albee -- _tThe survivors of the Depression: Hellman, Odets, Shaw -- _tMan's relation to God: MacLeish, Chayefsky -- _tThe tired deans: Elmer Rice and S.N. Behrman -- _tThe emergent deans: Kingsley, Inge, and company -- _tBroadway's boys -- _tThe refugees from television -- _tNew-play madness and some new voices -- _tThe musical theatre: heirs to Richard Rodgers -- _tThe theatre off-Broadway and off-off-Broadway -- _tTrends of the decade. |
| 600 | 1 | 0 |
_aO'Neill, Eugene, _d1888-1953 _0http://id.loc.gov/authorities/names/n79092602 _9153200 |
| 600 | 1 | 0 |
_aMiller, Arthur, _d1915-2005 _0http://id.loc.gov/authorities/names/n79045521 _9153724 |
| 600 | 1 | 0 |
_aWilliams, Tennessee, _d1911-1983 _0http://id.loc.gov/authorities/names/n79090096 _9153725 |
| 600 | 1 | 0 |
_aWilder, Thornton, _d1897-1975 _950125 |
| 600 | 1 | 0 |
_aSaroyan, William, _d1908-1981 _9153726 |
| 600 | 1 | 0 |
_aAlbee, Edward, _d1928-2016 _9153674 |
| 600 | 1 | 0 |
_aHellman, Lillian, _d1905-1984 _0http://id.loc.gov/authorities/names/n78086393 _9153331 |
| 600 | 1 | 0 |
_aOdets, Clifford, _d1906-1963 _9153727 |
| 600 | 1 | 0 |
_aShaw, Irwin, _d1913-1984 _9153728 |
| 600 | 1 | 0 |
_aMacLeish, Archibald, _d1892-1982 _0http://id.loc.gov/authorities/names/n80015459 _9153729 |
| 600 | 1 | 0 |
_aChayefsky, Paddy, _d1923-1981 _0http://id.loc.gov/authorities/names/n50036270 _9153730 |
| 600 | 1 | 0 |
_aRice, Elmer, _d1892-1967 _0http://id.loc.gov/authorities/names/n92055304 _9153731 |
| 600 | 1 | 0 |
_aBehrman, S. N. _q(Samuel Nathaniel), _d1893-1973 _0http://id.loc.gov/authorities/names/n50006625 _9153732 |
| 600 | 1 | 0 |
_aKingsley, Sidney, _d1906-1995 _0http://id.loc.gov/authorities/names/n85199221 _9153687 |
| 600 | 1 | 0 |
_aInge, William _9153733 |
| 650 | 0 |
_aAmerican drama _y20th century _xHistory and criticism _993437 |
|
| 650 | 0 |
_aTheater _zUnited States _xHistory _9153734 |
|
| 942 |
_2lcc _cBK |
||
| 999 |
_c200468149 _d86361 |
||